Central Library OPAC University of Rajshahi

The General clauses act, 1897, with an exhaustive, explanatory and critical commentary, up-to-date Indian and foreign case law, States' general clauses acts and many other useful appendices / (Record no. 4913)

MARC details
000 -LEADER
fixed length control field 01011cam a2200277u 4500
001 - CONTROL NUMBER
control field 4913
003 - CONTROL NUMBER IDENTIFIER
rucl marc code BD-RjUL
005 - DATE AND TIME OF LATEST TRANSACTION
control field 20211208233957.0
008 - FIXED-LENGTH DATA ELEMENTS--GENERAL INFORMATION
fixed length control field 131223s1976 ii 001 0 eng d
035 ## - SYSTEM CONTROL NUMBER
System control number (BD-RjUL)4948
040 ## - CATALOGING SOURCE
Original cataloging agency DLC
Transcribing agency CarP
Modifying agency DLC
-- BD-RjUL)
Language of cataloging eng
041 ## - LANGUAGE CODE
Language code of text/sound track or separate title eng
082 04 - DEWEY DECIMAL CLASSIFICATION NUMBER
Classification number 347.9
Author mark and year MAG
100 1# - MAIN ENTRY--PERSONAL NAME
Personal name Mahajan, Vidya Dhar
9 (RLIN) 15494
110 1# - MAIN ENTRY--CORPORATE NAME
Corporate name or jurisdiction name as entry element India (Republic)
Form subheading Laws, statutes, etc. [from old catalog]
9 (RLIN) 15507
245 14 - TITLE STATEMENT
Title The General clauses act, 1897, with an exhaustive, explanatory and critical commentary, up-to-date Indian and foreign case law, States' general clauses acts and many other useful appendices /
250 ## - EDITION STATEMENT
Edition statement 4th ed
260 ## - PUBLICATION, DISTRIBUTION, ETC. (IMPRINT)
Place of publication, distribution, etc. Lucknow,
Name of publisher, distributor, etc. Eastern Book Co.
Date of publication, distribution, etc. [1967]
300 ## - PHYSICAL DESCRIPTION
Pagination liv, 674 p.
Size 25 cm.
650 #0 - SUBJECT ADDED ENTRY--TOPICAL TERM
Topical term or geographic name as entry element Law
Geographic subdivision India
General subdivision Terms and phrases. [from old catalog]
9 (RLIN) 15496
Topical term or geographic name as entry element Law
Geographic subdivision India
General subdivision Interpretation and construction. [from old catalog]
9 (RLIN) 15497
700 1# - ADDED ENTRY--PERSONAL NAME
Relator term ed.
942 ## - ADDED ENTRY ELEMENTS (KOHA)
Source of classification or shelving scheme Dewey Decimal Classification
Koha item type Books
Holdings
Lost status Source of classification or shelving scheme Damaged status Not for loan Collection code Permanent Location Current Location Shelving location Date acquired Source of acquisition Cost, normal purchase price Total Checkouts Full call number Date last seen Copy number Koha item type
  Dewey Decimal Classification     Non-fiction Central Library, University of Rajshahi Central Library, University of Rajshahi   06/07/1976 K.P Bagchi and Co. 45.00   347.9 MAG 1976 23/12/2013 C-2 Books